Statystyki dla 15 najbardziej dotkniętych krajów Covid-19 - 21 lut 2021

Kliknij tutaj aby rozwiązać quiz!

Ogólne statystyki

  • Ten quiz został rozwiązany 46 razy
  • Średni wynik to 15 z 27

Statystyki odpowiedzi

kraj% Poprawnych
Polska
98%
Stany Zjednoczone
96%
Niemcy
93%
Włochy
93%
Francja
91%
Rosja
91%
Hiszpania
89%
Indie
82%
Brazylia
73%
Wielka Brytania
73%
Meksyk
64%
Argentyna
60%
Szwecja
60%
Portugalia
58%
Belgia
56%
Czechy
56%
Turcja
51%
Holandia
49%
Szwajcaria
40%
Iran
38%
Litwa
29%
Kolumbia
27%
Słowenia
22%
Izrael
7%
Panama
7%
Bahrajn
2%
Gruzja
2%

Rozkład punktacji

Percentyl według liczby udzielonych odpowiedzi

Procent ludzi z każdym wynikiem

Twoja historia wyników

Nie rozwiązałeś tego quizu